History Quiz

Random History or Politics Quiz
Score 0/20 Timer 05:00
3 Plays Today
Hint Answer % Correct
Barack Obama
99.8%
Abraham Lincoln
98.5%
John F. Kennedy
97.5%
Richard Nixon
96.2%
Donald Trump
95.1%
Bill Clinton
95%
George W. Bush
94.4%
Ronald Reagan
94%
George Washington
92.7%
Dwight D. Eisenhower
88.7%
Hint Answer % Correct
Thomas Jefferson
82.8%
Ulysses S. Grant
82.4%
Lyndon B. Johnson
81.5%
Woodrow Wilson
74.5%
Andrew Jackson
70.6%
James Madison
69.2%
Grover Cleveland
53.6%
James Monroe
53.1%
James Garfield
44%
Benjamin Harrison
36.5%
Remove Ads.
Support Sporcle.
Get the best of Sporcle when you Go Orange. This ad-free experience offers more features, more stats, and more fun while also helping to support Sporcle. Thank you for becoming a member.

You're not logged in!

Compare scores with friends on all Sporcle quizzes.
OR
Log In

Sporcle TV

Today on Sporcle TV


Watch our educational content, quiz creation guides, and fun videos on Sporcle TV.

Show Comments

Extras

Top Quizzes Today


Score Distribution

Paid Content

Your Account Isn't Verified!

In order to create a playlist on Sporcle, you need to verify the email address you used during registration. Go to your Sporcle Settings to finish the process.

Report this User

Report this user for behavior that violates our Community Guidelines.

Details: